00453nam a2200193Ia 4500008004000000041000800040082001200048100001500060245005700075260004200132650001300174650000700187650001300194650000900207650000700216650001600223650001200239650000800251210210b1935 xxu||||| |||| 00| 0 eng d aeng a822/182 aBRYANT (A) aLetters: speeches and declaration of king charles II aLondonbCassell and Company Ltdc1935 aspeeches aof aLetters: aking aII adeclaration acharles aand